Správa o stave vysielania v Slovenskej republike a o činnosti Rady pre mediálne služby za rok ...

Bibliographic Details
Previous Title:Správa o stave vysielania v Slovenskej republike a o činnosti Rady pre vysielanie a retransmisiu za rok ...
Format: Serial
Language:Slovak
PhysicalDescription:tabuľky 30 cm
Published: [Bratislava] [Rada pre mediálne služby] 2024-
Subjects:

MARC

LEADER 00000cas a2200000 4500
001 vtls012258019
003 SK-MaSNL
005 20260512040401.0
008 240613c20249999xo ar 0 b0slo
015 |a SNBB2024-(r. 2023) 
040 |a SNK  |b slo  |c SNK  |e rda 
041 0 |a slo 
043 |a e-xo--- 
044 |a xo  |c SK 
072 7 |a 659  |x Reklama. Public relations. Médiá  |2 konspekt 
072 7 |a 654  |x Telekomunikácie a diaľkové riadenie  |2 konspekt 
080 |a 659.443/.446  |2 2011 
080 |a 342.727  |2 2011 
080 |a 654.195.6  |2 2011 
080 |a 654.197  |2 2011 
080 |a (437.6)  |2 2011 
080 |a (047)  |2 2011 
080 |a 654.026:004.032.6  |2 2011 
245 0 0 |a Správa o stave vysielania v Slovenskej republike a o činnosti Rady pre mediálne služby za rok ... 
264 1 |a [Bratislava]  |b [Rada pre mediálne služby]  |c 2024- 
300 |b tabuľky  |c 30 cm 
310 |a 1x ročne 
336 |a text  |b txt  |2 rdacontent 
337 |a bez média  |b n  |2 rdamedia 
338 |a zväzok  |b nc  |2 rdacarrier 
362 0 |a 2023- 
500 |a Názov z obálky 
500 |a Súčasťou názvu je označenie bežného roku 
610 2 |a Rada pre mediálne služby (Slovensko)  |2 SNKKA  |9 266919 
650 0 7 |a médiá  |2 SNKPH  |9 1424 
650 0 7 |a médiá  |2 SNKPHeng  |9 1424 
650 0 7 |a Freedom of information  |2 SNKPHeng  |9 266920 
650 0 7 |a Radio broadcasting  |2 SNKPHeng  |9 266921 
650 0 7 |a Television broadcasting  |2 SNKPHeng  |9 266922 
650 0 7 |a právo na informácie  |2 SNKPH  |9 2169 
650 0 7 |a rozhlasové vysielanie  |2 SNKPH  |9 19400 
650 0 7 |a televízne vysielanie  |2 SNKPH  |9 2922 
650 0 7 |a multimediálne služby  |2 SNKPH  |9 121449 
650 0 7 |a Multimedia services  |2 SNKPHeng  |9 266923 
651 7 |a Slovensko  |2 SNKPHgeo  |9 14231 
651 7 |a Slovakia  |2 SNKPHeng  |9 92630 
655 7 |a správy  |2 SNKPH  |9 70563 
655 7 |a Reports  |2 SNKPHeng  |9 265694 
780 0 0 |t Správa o stave vysielania v Slovenskej republike a o činnosti Rady pre vysielanie a retransmisiu za rok ...  |w vtls008962791 
999 |c 3012  |d 4942 
952 |a SNK  |b SNK  |y PREZ  |7 0  |p 17A1523303  |o snkČSB 7848/2023  |i snk2024/12496  |8 0  |z Správa bola schválená na zasadnutí Rady pre mediálne služby dňa 20.3.2024  |0 0  |1 0  |4 0  |d 2024-08-06  |l 0  |r 2026-02-21 20:00:30  |w 2026-02-21